| 000 | 01031nam a22003257a 4500 | ||
|---|---|---|---|
| 001 | 240005 | ||
| 003 | DO-SdBNP | ||
| 005 | 20180222113231.0 | ||
| 007 | 240005 | ||
| 008 | 160314b 1985 sp xxu||||| |||| 00| 0 spa d | ||
| 020 | _a8420448133 | ||
| 040 |
_aBPMSU _bspa _cBPMSU |
||
| 041 | 1 | 7 |
_aspa _heng |
| 092 |
_aXXXX _bXXXX |
||
| 100 | 1 |
_aSempé, Jean-Jaques, _d1932- |
|
| 240 | 1 | 0 |
_aLes vacances du petit Nicolas. _lEspañol |
| 245 | 1 | 0 |
_aLas vacaciones del pequeño Nicolás / _cSempéGoscinny ; traducción de Esther Benítez ; ilustraciones de Sempé. |
| 250 | _a12ª ed., reimp. | ||
| 260 |
_aMadrid : _bAlfaguara, _c1993. _g1999 |
||
| 300 |
_a150 p. : _bil. ; _c 20 cm. |
||
| 490 | 1 | _aInfantil | |
| 500 | _aLa biblioteca posee la duodécima reimpresión: enero 1999 | ||
| 700 | 1 | 2 |
_aGoscinny, René, _d1926-1977. |
| 700 | 1 | 2 |
_aBenítez, Esther, _etr. |
| 700 | 1 | 2 |
_aSempé, _eil. |
| 830 | 0 | _aInfantil | |
| 942 |
_2ddc _cBK |
||
| 945 | _ainventariado, 2018 / dg | ||
| 956 |
_2LOPEREZ _310 _620160314 _8BPMSU _a00260 |
||
| 999 |
_c9222 _d9222 |
||